000 00850nas a2200277 4500
001 BR2010000178
003 BR-BrBNA
005 20231205113818.0
007 ta
008 230509b bl.|||p| |||| 00| 00por d
040 _aBR-BrBNA
_bpor
_cBiblioteca Nacional de Agricultura
041 _a(Pt)
072 _aF03; F06
100 1 _aFerreira, G. de S.
100 1 _aTorres, S.B.
100 1 _aCosta, A.R.F.C. da
245 1 _aGerminação e desenvolvimento inicial de plântulas de meloeiro em diferentes níveis de salinidade da água de irrigação
650 _aMELÃO
650 _aPLANTULA
650 _aGERMINAÇÃO
650 _aIRRIGAÇÃO
650 _aSALINIDADE
773 0 _tCaatinga (Brazil)
_xISSN 0100-316X
_g(2007), v. 20(3) p. 181-185
_wBR2010000178
909 _a202311
_bLúcia
_c55
_dLúcia Elande
942 _2AGRIS
_n0
_cANA
999 _c205751
_d205751